000 00541nam a2200193Ia 4500
005 20260429112254.0
008 260429s9999||||xx |||||||||||||| ||und||
020 _a9780691198224
041 _aEnglish
082 _a907.2
_bSCH
100 _aSchrag, Zachary M.
245 0 _aPrinceton guide to historical research /
_cZachary M. Schrag
250 _a1st ed.
260 _aPrinceton :
_bPrinceton University Press,
_c2021.
300 _axvii, 411 p.; pbk
650 _a Princeton guide
650 _aHistorical research
942 _cTB
999 _c53245
_d53245